000 00220 a2200097 4500
001 48616
100 _aTaylor, J.W.R
245 _aHistory of aviation
260 _aLondon
_bNew English library
_c
090 _c31543
_d31543
942 _aNUST-CAE
_cM
_c23940
999 _c283689
_d283689